In the company of strangers (Record no. 171570)

MARC details
000 -LEADER
fixed length control field 00503nam a22001817a 4500
005 - DATE AND TIME OF LATEST TRANSACTION
control field 20200115144608.0
010 ## - LCCN (DPL NO)
LC control number ENG-127431
020 ## - INTERNATIONAL STANDARD BOOK NUMBER
International Standard Book Number 9789386797759
Terms of availability 399.00
035 ## - SYSTEM CONTROL NUMBER
System control number EN-110963
037 ## - SOURCE OF ACQUISITION
Source of stock number/acquisition DBAD/PUB
082 ## - DEWEY DECIMAL CLASSIFICATION NUMBER
Classification number N
100 ## - MAIN ENTRY--PERSONAL NAME
Personal name Khan,Awais
245 ## - TITLE STATEMENT
Title In the company of strangers
Statement of responsibility, etc by Awais Khan
260 ## - PUBLICATION, DISTRIBUTION, ETC. (IMPRINT)
Place of publication, distribution, etc New Delhi
Name of publisher, distributor, etc Simon & Schuster
Date of publication, distribution, etc 2019
270 ## - ADDRESS
Address 818,Indraprakash building,21Barakhamba Road
City New Delhi
Postal code 110001
300 ## - PHYSICAL DESCRIPTION
Extent 271p.
Dimensions 22cm(pbk)
942 ## - ADDED ENTRY ELEMENTS (KOHA)
Source of classification or shelving scheme Dewey Decimal Classification
Item type English Books
Classification part N
Call number suffix KHA
Holdings
Withdrawn status Lost status Not for loan Collection code Home library Current library Date acquired Source of acquisition Cost, normal purchase price Full call number Barcode Copy number Cost, replacement price Koha item type
      Non-fiction Sarojini Nagar Sarojini Nagar 15/01/2020 DBAD/PUB 399.00 N KHA EN-110963 1 399.00 English Books

© Delhi Public Library
Hit Counter
free hit counter